| 000 | 00748nam a2200217Ia 4500 | ||
|---|---|---|---|
| 003 | GCL | ||
| 008 | 140319s9999 xx 000 0 ara d | ||
| 040 |
_aGCL / _cGCL |
||
| 082 | 0 | 4 |
_a690 _bخ ا |
| 100 | 1 | _aخليل ابراهيم واكد | |
| 245 | 1 | 0 |
_aاسباب انهيارات المبانى :طرق الترميم والصيانة / _cخليل ابراهيم واكد |
| 260 |
_a[S.N] : _bدار الكتب العلمية للنشر والتوزيع ، _c1992 |
||
| 300 | _a378 ص | ||
| 490 | _a | ||
| 650 | 0 | 4 | _aصيانة المبانى |
| 650 | 0 | 4 | _aالمواصفات القياسية |
| 650 | 0 | 4 | _aتأثير الرطوبة |
| 650 | 0 | 4 | _aاصلاح المبانى |
| 650 | 0 | 4 | _aانهيار المبانى |
| 942 |
_2ddc _cBK |
||
| 999 |
_c47801 _d47801 |
||